000 00600nam a22002172 4500
001 0000003852
005 20151217145741.0
008 070515s xx 000 0 eng d
020 _a0073656011 :
_cKES 2,360
040 _aKABU
_cKABU
050 0 _aQD31.2
_b.C43 2002
100 1 _aChang, Raymond.
_@0000030397
245 1 0 _aChemistry /
_cRaymond Chang.
250 _a7th ed.
260 _aBoston :
_bMcGraw-Hill,
_c2002.
300 _axxxii, 1001 p. ;
_c26 cm.
650 0 _aChemistry.
_@0000148202
908 _a070515
950 _@1
999 _c2249
_d2249